Emission spectrochemical analysis

Збережено в:
Бібліографічні деталі
Автор: Slavin, Morris (Автор)
Формат: Книга
Мова:Англійська
Опубліковано: Huntington Robert E. Krieger 1971
Серія:Chemical Analysis, 36
Предмети:
Теги: Додати тег
Немає тегів, Будьте першим, хто поставить тег для цього запису!

MARC

LEADER 00000nam a2200000 a 4500
001 UCV7228
003 CL-VaPUC
008 890928e19710000US |||||||||||||||||eng|d
082 0 4 |a 543.085  |b SLA  |2 21 
100 0 |a Slavin, Morris  |e author  |9 301272 
245 1 0 |a Emission spectrochemical analysis 
300 |a 254 p 
942 |c BK 
945 |d 19890928 00:00:00 
260 |a Huntington  |b Robert E. Krieger  |c 1971 
650 7 |a ESPECTROSCOPIA DE EMISION  |2 CL-VaPUC  |9 264374 
583 |a last modification  |c 20171031 11:00:01  |k Rodrigo Vera 
490 0 |a Chemical Analysis, 36 
999 |c 212940  |d 212938 
952 |0 0  |1 0  |4 0  |6 543_085000000000000_SLA_1971  |7 0  |8 A  |9 194820  |a BIBCUR  |b BIBCUR  |d 2019-11-14  |i 2629593  |o 543.085 SLA 1971  |p 2629593  |r 2025-04-22  |w 2019-11-14  |y BK  |k QUI